Jakab Sándor látogatása
Elmentve itt :
| Dokumentumtípus: | Cikk |
|---|---|
| Megjelent: |
1982-02-20
|
| Sorozat: | Délmagyarország
72 No. 43 |
| Kulcsszavak: | Jakab Sándor, Gumigyár |
| Online Access: | http://dmarchiv.bibl.u-szeged.hu/94960 |
| LEADER | 00405nab a2200145 i 4500 | ||
|---|---|---|---|
| 001 | delm94960 | ||
| 005 | 20190625090106.0 | ||
| 008 | 190625s1982 hu o 0|| hun d | ||
| 040 | |a SZTE Délmagyarország Archívum |b hun | ||
| 041 | |a hun | ||
| 245 | 0 | 0 | |a Jakab Sándor látogatása |h [elektronikus dokumentum] |
| 260 | |c 1982-02-20 | ||
| 300 | |a 3 | ||
| 490 | 0 | |a Délmagyarország |v 72 No. 43 | |
| 695 | |a Jakab Sándor, Gumigyár | ||